| 000 | 00467nam a2200181Ia 4500 | ||
|---|---|---|---|
| 001 | 1847 | ||
| 005 | 20260306143758.0 | ||
| 008 | 260306t1999||||xx |||||||||||||| ||spa|| | ||
| 041 | _aESP | ||
| 082 |
_a155.7 _bO73 |
||
| 100 |
_aOrtega Ruiz, Rosario _eAUT |
||
| 245 | 0 |
_aCrecer y aprender : _bcurso de psicologĂa del desarrollo para educadores |
|
| 260 | _c1999 | ||
| 300 |
_a362 páginas : _c24 cm. |
||
| 650 | _aGEN | ||
| 654 | _aCPS | ||
| 942 |
_cLIB _dJUS _fJUS _2ddc _n |
||
| 999 |
_c1847 _d1847 |
||